000 01214naa a22003377a 4500
001 BR8708495
003 BR-BrBNA
005 20240918175925.0
007 ta
008 230509b bl.||||| |||| 00| 0 por d
040 _aBR-BrBNA
_bpor
_cBiblioteca Nacional de Agricultura
041 _a(Pt)
072 _aF30
_b0150
_bG514
090 _aF30 BR8708495
100 1 _aAmorim Neto, S.
100 1 _aFernandes, G.M.B.
100 1 _aAndrade, W.E. de B.
100 1 _aPereira, R.P.
100 1 _aRivero, P.R.Y.
100 1 _aSilva, V.R.
111 1 _a15. Reuniao da Cultura do Arroz Irrigado
_cPorto Alegre, RS (Brazil)
_d22-26 Sep 1986
245 1 _aAvaliacao de germoplasmas de arroz irrigado no norte fluminense - RJ [Rio de Janeiro]
260 3 _aPorto Alegre, RS (Brasil):
_c1986.
500 _aAnais da 15. Reuniao da Cultura do Arroz Irrigado Porto Alegre, RS (Brasil): 1986. p. 49-58 (BR8708495-AM)F30
650 _aARROZ IRRIGADO
650 _aCOMPORTAMENTO DE VARIEDADE
650 _aRIO DE JANEIRO
773 0 _tAnais da 15. Reuniao da Cultura do Arroz Irrigado
_wF30 BR8708495
_gPorto Alegre, RS (Brasil), 1986. p. 49-58
909 _a202404
_bLucia
_c55
_dLucia Elande
942 _cAM
_2AGRIS
999 _c318823
_d318823